000 00512nam a2200193 4500
999 _c63541
_d63541
001 2591
003 OSt
005 20220708140828.0
007 tu
008 s1793||||||| ger
040 _aDE-2950
_cDE-2950
245 0 0 _aFrankfurter Ephemeriden für deutsche Weltbürger
264 _aFrankfurt (Oder)
_bApitz
_c1793
300 _aXIV, 384 S.
365 _cDEM
500 _aBeigedr.: Gedanken über die letzten Lebensstunden … Ludwigs XVI. 1793.
546 _adeutsch
942 _2z
_cZS